Research and evaluation for business

Research and Evaluation for Business is intended for use in either a one or two semester introductory business statistics course. The focus of the text is on decision making based on data analysis. This is a real data, and problem-oriented text that teaches the actual practice of statistical thinkin...

Volledige beschrijving

Bewaard in:
Bibliografische gegevens
Hoofdauteur: Pelosi, Marilyn K.
Formaat: Boek
Taal:Undetermined
Gepubliceerd in: New York John Wiley & Sons 2001
Onderwerpen:
Tags: Voeg label toe
Geen labels, Wees de eerste die dit record labelt!
Thư viện lưu trữ: Trung tâm Học liệu Trường Đại học Cần Thơ
LEADER 01121nam a2200217Ia 4500
001 CTU_113206
008 210402s9999 xx 000 0 und d
020 |c 2677500 
082 |a 001.4 
082 |b P392 
100 |a Pelosi, Marilyn K. 
245 0 |a Research and evaluation for business 
245 0 |c Marilyn K. Pelosi, Theresa M. Sandifer, Uma Sekaran 
260 |a New York 
260 |b John Wiley & Sons 
260 |c 2001 
520 |a Research and Evaluation for Business is intended for use in either a one or two semester introductory business statistics course. The focus of the text is on decision making based on data analysis. This is a real data, and problem-oriented text that teaches the actual practice of statistical thinking, management of decision making for tool selection, assumptions management, outcome interpretation, and reporting. The text incorporates, where appropriate, Excel and Minitab commands and output in examples and exercises. 
650 |a Commercial statistics,Business 
650 |x Research 
904 |i Giang 
980 |a Trung tâm Học liệu Trường Đại học Cần Thơ